| 000 | 00370nam a2200145Ia 4500 | ||
|---|---|---|---|
| 008 | 230917s9999||||xx |||||||||||||| ||und|| | ||
| 040 |
_e214674 _aMAIN |
||
| 041 | _aEnglish | ||
| 082 | _a005.74 G412I | ||
| 100 | _aGillenson, Mark L | ||
| 245 | 0 | _aIntroduction to database management | |
| 260 |
_aNew Delhi _bWiley India _c2014 |
||
| 300 | _axxv, 478 p. | ||
| 942 | _cBK | ||
| 999 |
_c177128 _d177128 |
||